| 000 | 00712nam a2200205 a 4500 | ||
|---|---|---|---|
| 001 | 000033700 | ||
| 003 | DO-SdBNP | ||
| 005 | 20210517153454.0 | ||
| 008 | 110906s1955 dr 000 0 spa d | ||
| 040 |
_aDO-SdBNP _bspa _cBNPHU |
||
| 082 | 4 |
_a150 _bC749a _222 |
|
| 111 | 2 |
_aCongreso Interamericano de Psicología _n(1 : _d1955 : _cCiudad Trujillo, República Dominicana) _959151 |
|
| 245 | 1 | 0 | _aActas del Primer Congreso Interamericano de Psicología. |
| 260 |
_aSanto Domingo : _bEditora del Caribe, _c1955. |
||
| 300 |
_a810 p. ; _c24 cm. |
||
| 590 | _aInventariado, 2019 / DG | ||
| 650 | 4 |
_aPsicología _vCONGRESOS, CONFERENCIAS, ETC. _959152 |
|
| 910 | _aValidado. Control de calidad MFF | ||
| 942 |
_2ddc _cLBS1 |
||
| 999 |
_c33191 _d33191 |
||